书目信息 |
| 题名: |
服装加工
|
|
| 作者: | 王振如 , 郝婧 主编 | |
| 分册: | ||
| 出版信息: | 北京 中国人口出版社 2008.05 |
|
| 页数: | 136页 | |
| 开本: | 20cm | |
| 丛书名: | ||
| 单 册: | ||
| 中图分类: | TS941.6 | |
| 科图分类: | ||
| 主题词: | 服装工艺 | |
| 电子资源: | ||
| ISBN: | 978-7-80202-724-4 | |
| 000 | 00632nam0 2200217 450 | |
| 001 | 0855366968 | |
| 005 | 20081219083957.02 | |
| 010 | @a978-7-80202-724-4@dCNY8.00 | |
| 100 | @a20081218d2008 km y0chiy0120 ea | |
| 101 | 0 | @achi |
| 102 | @aCN@b110000 | |
| 200 | 1 | @a服装加工@Afu zhuang jia gong@f王振如,郝婧主编@Fwang zhen ru,hao jing zhu bian |
| 210 | @a北京@c中国人口出版社@d2008.05 | |
| 215 | @a136页@d20cm | |
| 300 | @a职业技能培训系列教材 | |
| 606 | 0 | @a服装工艺 |
| 690 | @aTS941.6@v4 | |
| 701 | 0 | @a王振如@Awang zhen ru@4主编 |
| 701 | 0 | @a郝婧@Ahao jing@4主编 |
| 801 | 0 | @aCN@bNISOFT@c20081219 |
| 905 | @aBZT@dTS941.6@e10@f5 | |
| 服装加工/王振如,郝婧主编.-北京:中国人口出版社,2008.05 |
| 136页;20cm |
| 职业技能培训系列教材 |
| ISBN 978-7-80202-724-4:CNY8.00 |
| ● |
| 相关链接 |
|
|
|
正题名:服装加工
索取号:TS941.6/10
 
预约/预借
| 序号 | 登录号 | 条形码 | 馆藏地/架位号 | 状态 | 备注 |
| 1 | 0692027 | 2000692027 | 样本书库/样006架A面1层3列/ [索取号:TS941.6/10] | 在馆 | |
| 2 | 0692028 | 2000692028 | 中心书库中库/ 中库024架B面4列2层1/ [索取号:TS941.6/10] | 在馆 | |
| 3 | 0692029 | 2000692029 | 中心书库中库/ 中库024架B面4列2层2/ [索取号:TS941.6/10] | 在馆 | |
| 4 | 0692030 | 2000692030 | 中心书库中库/ 中库024架B面4列2层3/ [索取号:TS941.6/10] | 在馆 | |
| 5 | 0692031 | 2000692031 | 中心书库中库/ 中库025架B面1列6层30/ [索取号:TS941.6/10] | 在馆 |